Vainqueurs de la Ligue Europa - Mort Subite - Statistiques

Statistiques générales
  • Ce quiz a été pris 1 097 fois
    157 depuis la dernière actualisation
  • Le résultat moyen est 9 sur 30
Answers on the Grid
Answers color-coded by a green-red scale on the quiz's grid according to % correct below.
Ajax Amsterdam
Atalanta Bergame
Atlético de Madrid
Bayer Leverkusen
Bayern Munich
Borussia Mönchengladbach
Chakhtar Donetsk
Chelsea FC
CSKA Moscou
Eintracht Francfort
FC Porto
Feyenoord Rotterdam
Galatasaray
IFK Göteborg
Inter Milan
Ipswich Town
Juventus
Liverpool FC
Manchester United
Parme Calcio 1913
PSV Eindhoven
Real Madrid
RSC Anderlecht
Schalke 04
Séville FC
SSC Naples
Tottenham Hotspur
Valence CF
Villarreal CF
Zénith Saint-Pétersbourg
Borussia Dortmund
RCD Espanyol de Barcelone
Athletic Club
Arsenal FC
Glasgow Rangers
AS Rome
Wolverhampton Wanderers
FC Twente
Club Bruges KV
SC Bastia
Étoile rouge de Belgrade
AZ Alkmaar
Hambourg SV
Videoton SC
FC Cologne
Dundee United
VfB Stuttgart
ACF Fiorentina
Torino FC
Casino Salzbourg
Girondins de Bordeaux
Lazio Rome
Deportivo Alavés
Celtic Glasgow
Sporting CP
Middlesbrough FC
Werder Brême
Watford FC
SC Braga
FK Dnipro
 
Statistiques - réponses
Réponse % Correct
Manchester United
49%
Séville FC
49%
Chelsea FC
47%
Tottenham Hotspur
45%
FC Porto
43%
Atlético de Madrid
41%
Liverpool FC
41%
Real Madrid
36%
Villarreal CF
35%
Juventus
33%
Galatasaray
32%
Inter Milan
32%
Chakhtar Donetsk
31%
Bayern Munich
30%
Atalanta Bergame
28%
Eintracht Francfort
27%
SSC Naples
25%
Ajax Amsterdam
24%
Schalke 04
23%
Valence CF
23%
PSV Eindhoven
22%
Zénith Saint-Pétersbourg
22%
Borussia Mönchengladbach
20%
Parme Calcio 1913
20%
CSKA Moscou
19%
Ipswich Town
18%
Bayer Leverkusen
17%
Feyenoord Rotterdam
16%
RSC Anderlecht
16%
IFK Göteborg
14%
Aucun quiz correspondant
Distribution des résultats
% des personnes avec chaque résultat
Percentile par nombre de réponses
Votre historique - résultats
Vous n’avez pas pris ce quiz depuis la dernière actualisation